Matemáticas financieras y evaluación de proyectos

Salvato in:
Dettagli Bibliografici
Autore principale: Serrano Rodríguez, Javier (Autore)
Natura: Libro
Lingua:spagnolo
Pubblicazione: Bogotá Alfaomega 2011
Edizione:2a. ed
Soggetti:
Tags: Aggiungi Tag
Nessun Tag, puoi essere il primo ad aggiungerne!!

MARC

LEADER 00000cam a2200000 a 4500
001 UCC6575
003 CL-VaPUC
008 181220e20110000ck |||||||||||||||||spa|d
020 |a 9789586827928 
082 0 4 |a 330.0151  |b SER  |2 21 
100 0 |a Serrano Rodríguez, Javier  |e author  |9 601065 
245 1 0 |a Matemáticas financieras y evaluación de proyectos 
250 |a 2a. ed 
300 |a 431 p 
942 |c BK 
945 |d 20181220 17:39:00  |a dcastane 
260 |a Bogotá  |b Alfaomega  |c 2011 
650 0 |a Matemáticas financieras  |9 260347 
650 0 |a Análisis financiero  |9 264523 
650 0 |a Administración financiera  |9 261146 
650 0 |a Finanzas  |9 260832 
583 |a last modification  |c 20181220 17:39:00  |k Rodrigo Vera 
999 |c 373514  |d 373512 
952 |0 0  |1 0  |3 erb  |4 0  |6 330_015100000000000_SER_2011  |7 0  |8 A  |9 491637  |a BIBGIM  |b BIBGIM  |i 5524164  |l 2  |o 330.0151 SER 2011  |p 5524164  |r 2025-01-15  |s 2022-10-07  |w 2019-11-24  |y BK  |z Catalogado en:20181220  |k COM